Xác định độc lực và tính nhạy với thuốc kháng sinh của vi khuẩn Streptococcus spp. phân lập từ cá bống kèo (Pseudapocryptes lanceolatus) bệnh xuất huyết : Luận văn tốt nghiệp Cao học. Chuyên ngành Nuôi trồng thủy sản

Đề tài nghiên cứu nhằm xác định độc lực của các chủng vi khuẩn phân lập từ cá bống kèo bệnh xuất huyết và đánh giá hiện trạng kháng thuốc góp phần tìm ra loại kháng sinh và liều lượng thích hợp trong việc điều trị bệnh....

Disgrifiad llawn

Wedi'i Gadw mewn:
Manylion Llyfryddiaeth
Prif Awdur: Bùi, Thị Diễm My
Fformat: Llyfr
Iaith:Undetermined
Cyhoeddwyd: Cần Thơ Trường Đại học Cần Thơ 2015
Pynciau:
Tagiau: Ychwanegu Tag
Dim Tagiau, Byddwch y cyntaf i dagio'r cofnod hwn!
Thư viện lưu trữ: Trung tâm Học liệu Trường Đại học Cần Thơ
LEADER 01265nam a2200205Ia 4500
001 CTU_203116
008 210402s9999 xx 000 0 und d
082 |a 579.3 
082 |b M600 
100 |a Bùi, Thị Diễm My 
245 0 |a Xác định độc lực và tính nhạy với thuốc kháng sinh của vi khuẩn Streptococcus spp. phân lập từ cá bống kèo (Pseudapocryptes lanceolatus) bệnh xuất huyết : 
245 0 |b Luận văn tốt nghiệp Cao học. Chuyên ngành Nuôi trồng thủy sản 
245 0 |c Bùi Thị Diễm My ; Đặng Thị Hoàng Oanh (Cán bộ hướng dẫn) 
260 |a Cần Thơ 
260 |b Trường Đại học Cần Thơ 
260 |c 2015 
520 |a Đề tài nghiên cứu nhằm xác định độc lực của các chủng vi khuẩn phân lập từ cá bống kèo bệnh xuất huyết và đánh giá hiện trạng kháng thuốc góp phần tìm ra loại kháng sinh và liều lượng thích hợp trong việc điều trị bệnh. 
650 |a Vi sinh vật,Microbiology 
904 |i Hải 
980 |a Trung tâm Học liệu Trường Đại học Cần Thơ